000 00492nam a2200169Ia 4500
005 20260407130214.0
022 _a0794-1056
050 _aR11 .N54
245 0 _aNigerian Biomedical Science Journal
250 _aVol. 21, No. 4
260 _aAbuja, Nigeria
260 _bInstitute of Biomedical Science of Nigeria (IBSN)
260 _c2024
300 _a50 p. :ill. ; 29 cm.
650 _aMedical laboratory science Periodicals. Clinical biochemistry--Periodicals.
942 _cSR
_2lcc
999 _c44271
_d44271